LEADER 01162nam a22002651i 4500 001 991002071489707536 005 20040223134120.0 008 040407s1993 it |||||||||||||||||ita 035 $ab12866428-39ule_inst 035 $aARCHE-084604$9ExL 040 $aDip.to Scienze Storiche$bita$cA.t.i. Arché s.c.r.l. Pandora Sicilia s.r.l. 082 04$a380.1094 100 1 $aValacchi, Federico$0326639 245 10$aPer una definizione del ceto mercantile italiano durante il XVII secolo :$bil caso di Giuseppe Rossano /$cFederico Valacchi 260 $a[Siena] :$b[Università degli studi],$c1993 300 $a1 v. ;$c25 cm 440 0$aWorking paper / Dipartimento di scienze storiche giuridiche politiche e sociali ;$v11 600 14$aRossano, Giuseppe 650 4$aMercanti$zItalia$ySec. 17. 907 $a.b12866428$b02-04-14$c16-04-04 912 $a991002071489707536 945 $aLE009 STOR.50-231/9$g1$i2009000318519$lle009$o-$pE0.00$q-$rl$s- $t0$u0$v0$w0$x0$y.i13427222$z16-04-04 996 $aPer una definizione del ceto mercantile italiano durante il XVII secolo$9302975 997 $aUNISALENTO 998 $ale009$b16-04-04$cm$da $e-$fita$git $h0$i1 LEADER 04226nam 22008655 450 001 9910786065203321 005 20200918132840.0 010 $a1-283-94710-2 010 $a1-137-00079-1 024 7 $a10.1057/9781137000798 035 $a(CKB)2670000000316972 035 $a(EBL)1109250 035 $a(OCoLC)822223345 035 $a(SSID)ssj0001659656 035 $a(PQKBManifestationID)16440978 035 $a(PQKBTitleCode)TC0001659656 035 $a(PQKBWorkID)14987693 035 $a(PQKB)10870032 035 $a(SSID)ssj0000803235 035 $a(PQKBManifestationID)12380832 035 $a(PQKBTitleCode)TC0000803235 035 $a(PQKBWorkID)10805230 035 $a(PQKB)11109857 035 $a(DE-He213)978-1-137-00079-8 035 $a(MiAaPQ)EBC1109250 035 $a(EXLCZ)992670000000316972 100 $a20151126d2012 u| 0 101 0 $aeng 135 $aur|n|---||||| 181 $ctxt 182 $cc 183 $acr 200 10$aMyths of Wilderness in Contemporary Narratives$b[electronic resource] $eEnvironmental Postcolonialism in Australia and Canada /$fby K. Crane 205 $a1st ed. 2012. 210 1$aNew York :$cPalgrave Macmillan US :$cImprint: Palgrave Macmillan,$d2012. 215 $a1 online resource (239 p.) 225 1 $aLiteratures, Cultures, and the Environment 300 $aDescription based upon print version of record. 311 $a1-349-43342-X 311 $a1-137-00078-3 320 $aIncludes bibliographical references and index. 327 $aCover; Title; Copyright; Contents; Acknowledgments; Introduction; 1 Wilderness as Projection: Reading Practices and Aritha van Herk's Places Far from Ellesmere; 2 Wilderness as Liminal Space: Tim Winton's Dirt Music and Problems of the Map; 3 Wilderness Beyond Frontiers: Matrices of Belonging in Kim Mahood's Craft for a Dry Lake; 4 Wilderness Values (I): Aesthetic and Scientific Rhetoric in Mark Hume's River of the Angry Moon; 5 Wilderness Values (II): Protection and Exploitation in Julia Leigh's The Hunter; 6 Wilderness Survival: Future Natures in Margaret Atwood's Oryx and Crake; Epilogue 327 $aNotesWorks Cited; Index 330 $aThe concept of 'wilderness' as a foundational idea for environmentalist thought has become the subject of vigorous debates. Myths of Wilderness in Contemporary Narratives offers a taxonomy of the forms that wilderness writing has taken in Australian and Canadian literature, re-emphasizing both country's origins as colonies. 410 0$aLiteratures, Cultures, and the Environment 606 $aLiterature    606 $aLiterature?Philosophy 606 $aCulture?Study and teaching 606 $aLiterature, Modern?20th century 606 $aEnvironment 606 $aPostcolonial/World Literature$3https://scigraph.springernature.com/ontologies/product-market-codes/838000 606 $aLiterary Theory$3https://scigraph.springernature.com/ontologies/product-market-codes/812000 606 $aCultural Theory$3https://scigraph.springernature.com/ontologies/product-market-codes/411130 606 $aCultural and Media Studies, general$3https://scigraph.springernature.com/ontologies/product-market-codes/400000 606 $aTwentieth-Century Literature$3https://scigraph.springernature.com/ontologies/product-market-codes/822000 606 $aEnvironment, general$3https://scigraph.springernature.com/ontologies/product-market-codes/U00009 615 0$aLiterature   . 615 0$aLiterature?Philosophy. 615 0$aCulture?Study and teaching. 615 0$aLiterature, Modern?20th century. 615 0$aEnvironment. 615 14$aPostcolonial/World Literature. 615 24$aLiterary Theory. 615 24$aCultural Theory. 615 24$aCultural and Media Studies, general. 615 24$aTwentieth-Century Literature. 615 24$aEnvironment, general. 676 $a808.8032 676 $a820.9/994 676 $a820.9994 700 $aCrane$b K$4aut$4http://id.loc.gov/vocabulary/relators/aut$01506734 906 $aBOOK 912 $a9910786065203321 996 $aMyths of Wilderness in Contemporary Narratives$93737103 997 $aUNINA